| 000 | 01494nam a2200373Ia 4500 | ||
|---|---|---|---|
| 001 | ebr10354653 | ||
| 003 | CaPaEBR | ||
| 006 | m u | ||
| 007 | cr cn||||||||| | ||
| 008 | 000602s2000 iau sb 001 0ceng d | ||
| 010 | _z 00044345 | ||
| 020 | _z9780877457305 | ||
| 020 | _z0877457298 (acid-free paper) | ||
| 020 | _z0877457301 (pbk. : acid-free paper) | ||
| 040 |
_aCaPaEBR _cCaPaEBR |
||
| 035 | _a(OCoLC)50320943 | ||
| 050 | 1 | 4 |
_aPS3233 _b.K75 2000eb |
| 100 | 1 | _aKrieg, Joann P. | |
| 245 | 1 | 0 |
_aWhitman and the Irish _h[electronic resource] / _cJoann P. Krieg. |
| 246 | 3 | _aWhitman & the Irish | |
| 260 |
_aIowa City : _bUniversity of Iowa Press, _cc2000. |
||
| 300 | _axvii, 273 p. | ||
| 504 | _aIncludes bibliographical references (p. [239]-265) and index. | ||
| 533 |
_aElectronic reproduction. _bPalo Alto, Calif. : _cebrary, _d2010. _nAvailable via World Wide Web. _nAccess may be limited to ebrary affiliated libraries. |
||
| 600 | 1 | 0 |
_aWhitman, Walt, _d1819-1892 _xFriends and associates. |
| 600 | 1 | 0 |
_aWhitman, Walt, _d1819-1892 _xKnowledge _xUnited States. |
| 600 | 1 | 0 |
_aWhitman, Walt, _d1819-1892 _xKnowledge _xIreland. |
| 650 | 0 |
_aPoets, American _y19th century _vBiography. |
|
| 650 | 0 |
_aIrish Americans _vBiography. |
|
| 651 | 0 |
_aIreland _vBiography. |
|
| 655 | 7 |
_aElectronic books. _2local |
|
| 710 | 2 | _aebrary, Inc. | |
| 856 | 4 | 0 |
_uhttp://site.ebrary.com/lib/rucke/Doc?id=10354653 _zAn electronic book accessible through the World Wide Web; click to view |
| 999 |
_c34625 _d34625 |
||